00464nam a2200169Ia 4500008004100000041001200041082001900053100001800072245004800090365000900138520001300147546001200160630004800172650001300220655001300233730004800246101110s9999 xx 000 0 und d aENGLISH bSR10842a653.2 aAtthreya N.H. aSo the Business system May Survive in India b2.75 aCommerce aENGLISH aSo the Business system May Survive in India aCommerce aCommerce aSo the Business system May Survive in India